Statystyki dla Wszystkie płyty Lady Pank

Kliknij tutaj aby rozwiązać quiz!

Ogólne statystyki

  • Ten quiz został rozwiązany 89 razy
    (83 od ostatniego zresetowania)
  • Średni wynik to 13 z 20

Statystyki odpowiedzi

roknazwa płyty% Poprawnych
1983Lady pank
95%
1988Tacy sami
85%
1984ohyda
80%
1986LP3
76%
1986O dwóch takich, co ukradli księżyc
76%
1988O dwóch takich, co ukradli księżyc
76%
1994NANA
73%
1996Międzyzdroje
71%
1990Zawsze tam, gdzie ty
69%
2018LP1
68%
2016Miłość i władza
66%
1996Zimowe graffiti
64%
1998Łowcy głów
61%
2007Strach się bać
61%
2011Maraton
59%
1985Drop everything
56%
2017Zimowe graffiti 2
54%
2000Nasza reputacja
51%
2004Teraz
49%
1997W transie
39%

Rozkład punktacji

Percentyl według liczby udzielonych odpowiedzi

Procent ludzi z każdym wynikiem

Twoja historia wyników

Nie rozwiązałeś tego quizu od ostatniego zresetowania